1752 1475 1622 1977 1925 1815 1144 1493 1933 1240 1856 1821 1093 1871 1162 1310 1452 1258 1426 1861 1281 1385 1659 1305 1936 1277 1972 1340 1135 1527 1831 1212 1623 1357 1706 1400 1893 1412 1662 1142 1264 1388 1517 1301 1940 1951 1666 1053 1634 1337 1628 1327 1521 1072 1458 1782 1634 1959 1898 1803 1087 1608 1917 1041 1071 1891 1114 1220 1958 1820 1508 1136 1771 1292 1355 1506 1849 1195 1775 1315 1615 1546 1423 1365 1059 1795 1787 1710 1026 1226 1097 1824 1847 1711 1256 1468 1231 1601 1781 BCNSPRNW ULIB Ver.6.0+V

เปลี่ยนเป็นภาษาไทย

Change to English
 แสดงรายละเอียดบรรณานุกรม
  กลับหน้าหลัก

Brief Record : Get Marc (ISO 2709) : E-mail record : QR code < ปิดหน้าต่าง
LEADER : 00000nam 2200000uu 4500
001    13399121312
003     ULIB
008    120828s2555||||th 000 0 tha d
020    ^a9786167322469
060  4 ^aWY163^bฐ331ก
100 0  ^aฐิติอาภา ตั้งค้าวานิช
245 10 ^aการพยาบาลผู้ป่วยที่ได้รับออกซิเจน. /^cฐิติอาภา ตั้งค้าวานิช
250    ^aพิมพ์ครั้งที่ 1.
260    ^aนนทบุรี :^bโครงการตำราคณะพยาบาลศาสตร์ มหาวิทยาลัยนเรศวร,^c2555.
300    ^a149 หน้า :^bภาพประกอบ
650  7 ^aทางเดินหายใจ^xโรค^xการพยาบาล
650  7 ^aปอด^xโรค^xการพยาบาล
650  7 ^aออกซิเจน
710 2  ^aมหาวิทยาลัยนเรศวร.^bโครงการตำราคณะพยาบาลศาสตร์
945    ^p0^l0^i033074
945    ^p0^l0^i033075
945    ^p0^l0^i033076
945    ^p0^l0^i033077
945    ^p0^l0^i033078
945    ^p0^l0^i038791
945    ^p0^l0^i038792
945    ^p0^l0^i038793
945    ^p0^l0^i038794
945    ^p0^l0^i038795
945    ^p0^l0^i038796
945    ^p0^l0^i038797
945    ^p0^l0^i039344
995    ^aทศพร
999    ^aทศพร
รายการนี้ยังไม่มีแท็ก
คุณยังไม่ได้ล็อกอิน คุณสามารถมีกิจกรรมร่วมกับเว็บไซต์ได้ แต่ต้องล็อกอินก่อน ::
  ล็อกอิน

รายการสื่อสารสนเทศ

ลำดับที่ ประเภท เลขเรียก/บาร์โค้ด สถานที่ สถานะ
1. วิทยาศาสตร์การแพทย์ และสุขภาพ
หนังสือสำรอง
สถานะ=หนังสือสำรอง
WY163 ฐ331ก ฉ.1 
  Barcode: 033074
ห้องสมุดวิทยาเขตสวรรค์ประชารักษ์
►ส่วนจัดเก็บหนังสือเก่า สปร
บนชั้น
  ขอยืม
2. วิทยาศาสตร์การแพทย์ และสุขภาพ
วิทยาศาสตร์การแพทย์ และสุขภาพ
WY163 ฐ331ก ฉ.10 
  Barcode: 038795
ห้องสมุดวิทยาเขตสวรรค์ประชารักษ์
►ส่วนจัดเก็บหนังสือเก่า สปร
บนชั้น
  ขอยืม
3. วิทยาศาสตร์การแพทย์ และสุขภาพ
วิทยาศาสตร์การแพทย์ และสุขภาพ
WY163 ฐ331ก ฉ.11 
  Barcode: 038796
ห้องสมุดวิทยาเขตสวรรค์ประชารักษ์
►ส่วนจัดเก็บหนังสือเก่า สปร
บนชั้น
  ขอยืม
4. วิทยาศาสตร์การแพทย์ และสุขภาพ
วิทยาศาสตร์การแพทย์ และสุขภาพ
WY163 ฐ331ก ฉ.12 
  Barcode: 038797
ห้องสมุดวิทยาเขตสวรรค์ประชารักษ์
►ส่วนจัดเก็บหนังสือเก่า สปร
บนชั้น
  ขอยืม
5. Book การพยาบาล
Book การพยาบาล
WY163 ฐ331ก ฉ.13 
  Barcode: 039344
ห้องสมุดวิทยาเขตสวรรค์ประชารักษ์
►ส่วนจัดเก็บหนังสือเก่า สปร
บนชั้น
  ขอยืม
6. วิทยาศาสตร์การแพทย์ และสุขภาพ
วิทยาศาสตร์การแพทย์ และสุขภาพ
WY163 ฐ331ก ฉ.2 
  Barcode: 033075
ห้องสมุดวิทยาเขตสวรรค์ประชารักษ์
►ส่วนจัดเก็บหนังสือเก่า สปร
บนชั้น
  ขอยืม
7. วิทยาศาสตร์การแพทย์ และสุขภาพ
วิทยาศาสตร์การแพทย์ และสุขภาพ
WY163 ฐ331ก ฉ.3 
  Barcode: 033076
ห้องสมุดวิทยาเขตสวรรค์ประชารักษ์
►ส่วนจัดเก็บหนังสือเก่า สปร
บนชั้น
  ขอยืม
8. วิทยาศาสตร์การแพทย์ และสุขภาพ
วิทยาศาสตร์การแพทย์ และสุขภาพ
WY163 ฐ331ก ฉ.4 
  Barcode: 033077
ห้องสมุดวิทยาเขตสวรรค์ประชารักษ์
►ส่วนจัดเก็บหนังสือเก่า สปร
บนชั้น
  ขอยืม
9. วิทยาศาสตร์การแพทย์ และสุขภาพ
วิทยาศาสตร์การแพทย์ และสุขภาพ
WY163 ฐ331ก ฉ.5 
  Barcode: 033078
ห้องสมุดวิทยาเขตสวรรค์ประชารักษ์
►ส่วนจัดเก็บหนังสือเก่า สปร
บนชั้น
  ขอยืม
10. วิทยาศาสตร์การแพทย์ และสุขภาพ
วิทยาศาสตร์การแพทย์ และสุขภาพ
WY163 ฐ331ก ฉ.6 
  Barcode: 038791
ห้องสมุดวิทยาเขตสวรรค์ประชารักษ์
►ส่วนจัดเก็บหนังสือเก่า สปร
บนชั้น
  ขอยืม
11. วิทยาศาสตร์การแพทย์ และสุขภาพ
วิทยาศาสตร์การแพทย์ และสุขภาพ
WY163 ฐ331ก ฉ.7 
  Barcode: 038792
ห้องสมุดวิทยาเขตสวรรค์ประชารักษ์
►ส่วนจัดเก็บหนังสือเก่า สปร
บนชั้น
  ขอยืม
12. วิทยาศาสตร์การแพทย์ และสุขภาพ
วิทยาศาสตร์การแพทย์ และสุขภาพ
WY163 ฐ331ก ฉ.8 
  Barcode: 038793
ห้องสมุดวิทยาเขตสวรรค์ประชารักษ์
►ส่วนจัดเก็บหนังสือเก่า สปร
บนชั้น
  ขอยืม
13. วิทยาศาสตร์การแพทย์ และสุขภาพ
วิทยาศาสตร์การแพทย์ และสุขภาพ
WY163 ฐ331ก ฉ.9 
  Barcode: 038794
ห้องสมุดวิทยาเขตสวรรค์ประชารักษ์
►ส่วนจัดเก็บหนังสือเก่า สปร
บนชั้น
  ขอยืม

รายการใกล้เคียง
    ผู้แต่ง [ฐิติอาภา ตั้งค้าวานิช]

    หัวเรื่อง [ออกซิเจน]

BibComment


ยังไม่เคยถูกคอมเมนท์

คอมเมนท์ทรัพยากรรายการนี้
  คอมเมนท์: การพยาบาลผู้ป่วย..


 Copyright 2026. Bcnsprnw @Library